000
00221nam a22000857a 4500
008
170111b xxu||||| |||| 00| 0 eng d
100
_9
2346
_a
Gangal.J.k.etal.
245
_a
Grammar English-8
260
_a
New Delhi
_b
Ranchana
_c
2011
999
_c
5284
_d
5284